| 000 | 00729nam a2200265Ia 4500 | ||
|---|---|---|---|
| 008 | 190123s9999 xx 000 0 und d | ||
| 020 | _a9780531164112 | ||
| 050 | _bS587 1999 | ||
| 100 | _aSilverstein, Alvin | ||
| 245 | 0 | _aCuts, scrapes, scabs, and scars / | |
| 245 | 0 | _cby Dr. Alvin Silverstein, Virginia Silverstein, and Laura Silverstein Nunn. | |
| 260 | _aNew York, New York : | ||
| 260 | _bScholastic, | ||
| 260 | _c1999 | ||
| 300 | _a48 pages : | ||
| 300 | _bcolored illustrations ; | ||
| 300 | _c23cm. | ||
| 440 | _aMy health. | ||
| 500 | _a920L | ||
| 650 | _aWounds and injuries. | ||
| 700 | _aNun, Laura Silverstein. | ||
| 700 | _aSeries. | ||
| 700 | _aSilverstein, Virginia. | ||
| 700 | _aTitle. | ||
| 999 |
_c361173 _d361173 |
||